• 首页
  • 本馆介绍
  • 公告通知
  • 最新文献
  • 馆藏检索
  • 电子资源
  • 读者导购
  • 参考咨询
  • 我的图书馆
  • 登录
  • 详细信息显示
  • 放入我的书架
  • 预约/预借图书
  • 作者相关作品
  • 分类相关作品
  • 丛书相关作品
  • 出版社相关作品

书目信息

  • 表格格式
  • 工作单格式
  • 卡片格式
题名:
英语练习册
    
 
作者: ;中等职业学校英语教材编写组 编
分册: 3  
出版信息: 北京   高等教育出版社  2001
页数: 138页
开本: 24cm
丛书名:
单 册:
中图分类: H31-44
科图分类:
主题词: 英语--专业学校--习题
电子资源:
ISBN: 7-04-009717-6
000 00772nam0 2200241 450
001 0120115529
005 20110520115529.0
010    @a7-04-009717-6@dCNY11.90
011    @a7-04-009717-6
100    @a20110515e20042001ekmy0chiy0110 ea
101 0  @achi@aeng
102    @aCN@b110000
105    @ay z 000yy
106    @ar
200 1  @a英语练习册@9Ying Yu Lian Xi Ce @e基本版@f中等职业学校英语教材编写组[编]@h3
210    @a北京@c高等教育出版社@d2001@h2004重印
215    @a138页@d24cm
300    @a中等职业学校文化课教学用书
606 0  @a英语@x专业学校@j习题
690    @aH31-44@v4
711 02 @a中等职业学校英语教材编写组@9zhong deng zhi ye xue xiao ying yu jiao cai bian xie zu@4编
801  0 @aCN@bAzMarc@c20130904
905    @aBZT@dG634.415@e6:3@f4@sG634.415/6:3
    
    英语练习册:基本版/中等职业学校英语教材编写组[编].3.-北京:高等教育出版社,2001(2004重印)
    138页;24cm
    中等职业学校文化课教学用书
    
    ISBN 7-04-009717-6:CNY11.90
    
●
相关链接 在五车中查询图书 在当当中查询图书 在豆瓣中查询图书


正题名:英语练习册     索取号:G634.415/6:3         预约/预借

序号 登录号 条形码 馆藏地/架位号 状态 备注
1 2000052385   2000052385   旧书回溯/ [索取号:G634.415/6:3] 在馆    
2 2000052386   2000052386   旧书回溯/ [索取号:G634.415/6:3] 在馆    
3 2000052387   2000052387   旧书回溯/ [索取号:G634.415/6:3] 在馆    
4 2000060815   2000060815   旧书回溯/ [索取号:G634.415/6:3] 在馆    
山东省滨州职业学院图书馆 欢迎您!
大连网信软件有限公司© 版权所有